Trh zaliaty pivom Zlatistý mok s bielou penou prináša zlaté ovocie

Výroba piva na Slovensku a dovoz piva zo zahraničia. Obchodná politika, trh s pivom, situácia v slovenskom pivovarníctve. Obchodná politika v pivovare v Martine. Spotreba piva na obyvateľa.

Na minha lista:
Detalhes bibliográficos
Autor principal: Hanko, I.
Formato: Capítulo de Livro
Idioma:eslovaco
Assuntos:
Tags: Adicionar Tag
Sem tags, seja o primeiro a adicionar uma tag!

MARC

LEADER 00000naa a2200000 4500
001 r001039
005 20221205090901.0
041 0 |a slo 
044 |a SK 
245 1 0 |a Trh zaliaty pivom  |b Zlatistý mok s bielou penou prináša zlaté ovocie  |c I. Hanko 
520 |a Výroba piva na Slovensku a dovoz piva zo zahraničia. Obchodná politika, trh s pivom, situácia v slovenskom pivovarníctve. Obchodná politika v pivovare v Martine. Spotreba piva na obyvateľa. 
610 2 0 |a pivo 
610 2 0 |a Slovensko 
610 2 0 |a dovoz 
610 2 0 |a vývoz 
100 1 |a Hanko, I.